Das random Fragen Quiz (Troll;leicht) - Statistiken

Allgemein
  • Dieses Quiz wurde 77 mal gespielt
    47 seit der letzten Aktualisierung
  • Das Durchschnittsergebnis liegt bei 8 aus 9
Antwortstatistiken
Hint Antwort % Korrekt
Was ist besser, Hund oder Katze? Katze
100%
In welchem Kontinent liegt Deutschland? Antarktis
97%
In welchem Bundesland liegt Berlin Heilbronn
97%
Wer hat Adolf Hitler ermordet? Adolf Hitler
94%
Frankreich oder USA? Deutschland
94%
Kannst du „Drachenlord“ schreiben? Dracchhnellroedd
94%
Was heißt „besser“ auf Englisch? Vodka
94%
Welcher deutsche Nachbaarstaat konsumiert viel Vodka? Russland
92%
Welches Land hat die meisten Einwohner? Vatikan
72%
Keine übereinstimmenden Quizze gefunden
Verteilung der Resultate
Anzahl Personen mit jedem Resultat
Perzentil nach korrekt beantworteten Fragen
Ihre Resultats-Entwicklung
Sie haben dieses Quiz seit der letzten Aktualisierung nicht gespielt